[Event "Istanbul (ol)"]
[Site "?"]
[Date "2000.??.??"]
[Round "?"]
[White "Leitao, R."]
[Black "Stohl, I."]
[Result "1-0"]
[WhiteElo "2565"]
[BlackElo "2575"]
[PlyCount "59"]
[EventDate "2000.??.??"]
[Source "Chess Informant"]
[SourceDate "2000.10.01"]

1. e4 c5 2. Nf3 d6 3. d4 cxd4 4. Nxd4 Nf6 5. Nc3 a6 6. Be2 e6 7. O-O Nbd7 8. a4 b6 9. f4 Bb7 10. Bf3 Qc7 11. Kh1 Rd8 12. Qe1 Be7 13. Qg3 O-O 14. e5 Ne8 15. Be3 g6 16. f5 Bxf3 17. fxe6 Bb7 18. Nf5 Nxe5 19. Bxb6 Qxb6 20. Nxe7+ Kh8 21. Ned5 Bxd5 22. Nxd5 Qxb2 23. e7 Ng7 24. Qh4 Rc8 25. Nf6 h5 26. exf8=Q+ Rxf8 27. Qg5 Ng4 28. Nd7 Rc8 29. h3 Qb7 30. Rxf7 1-0

[Event "ch playoff"]
[Site "Gladsaxe ch plof"]
[Date "1994.??.??"]
[Round "1"]
[White "Hansen, Lars Bo"]
[Black "Hansen, Curt"]
[Result "0-1"]
[WhiteElo "2545"]
[BlackElo "2580"]
[PlyCount "29"]
[EventDate "1994.??.??"]
[Source "www.chesslib.no"]
[SourceDate "2004.05.04"]

1. e4 c5 2. Nf3 d6 3. d4 cxd4 4. Nxd4 Nf6 5. Nc3 a6 6. Be2 e6 7. O-O Nbd7 8. f4 b5 9. Bf3 Bb7 10. a3 Rc8 11. Qe1 e5 12. Nf5 g6 13. Ne3 exf4 14. e5 Bxf3 15. exf6 0-1

[Event "Kobenhavn (m/1)"]
[Site "?"]
[Date "1994.??.??"]
[Round "?"]
[White "Hansen, L.Bo"]
[Black "Hansen, Cu"]
[Result "0-1"]
[WhiteElo "2545"]
[BlackElo "2580"]
[PlyCount "70"]
[EventDate "1994.??.??"]
[Source "ChessBase"]
[SourceDate "1994.02.01"]

1. e4 c5 2. Nf3 d6 3. d4 cxd4 4. Nxd4 Nf6 5. Nc3 a6 6. Be2 e6 7. O-O Nbd7 8. f4 b5 9. Bf3 Bb7 10. a3 Rc8 11. Qe1 e5 12. Nf5 g6 13. Ne3 exf4 14. e5 Bxf3 15. exf6 Ne5 16. gxf3 fxe3 17. f4 Ng4 18. Bxe3 Kd7 19. Bd4 Nxf6 20. Qh4 Bg7 21. Qh3+ Kc7 22. Rad1 Kb8 23. Qf3 Re8 24. Rf2 Qd7 25. Be5 Re6 26. Na2 Ne8 27. Bxg7 Nxg7 28. Nb4 Qb7 29. Rd5 Nf5 30. Qd3 Re1+ 31. Rf1 Qb6+ 32. Kh1 Rce8 33. Nxa6+ Ka7 34. Nb4 Qf2 35. Nc6+ Ka8 0-1

[Event "Novi Sad ol (Men)"]
[Site "Novi Sad YUG"]
[Date "1990.??.??"]
[Round "7"]
[White "Wahls, Matthias"]
[Black "Gruenberg, Hans-Ulrich"]
[Result "1-0"]
[WhiteElo "2565"]
[BlackElo "2500"]
[PlyCount "101"]
[EventDate "1990.11.??"]
[Source "www.chesslib.no"]
[SourceDate "2004.05.04"]

1. e4 c5 2. Nf3 d6 3. d4 cxd4 4. Nxd4 Nf6 5. Nc3 a6 6. Be2 e6 7. O-O Nbd7 8. f4 b5 9. Bf3 Bb7 10. e5 Bxf3 11. Nxf3 dxe5 12. fxe5 Ng4 13. Qe2 b4 14. Ne4 Qb6+ 15. Kh1 Qb5 16. Qxb5 axb5 17. Bf4 Nc5 18. Ng3 Na4 19. h3 Nh6 20. Nd4 Nxb2 21. Nxb5 Ra5 22. Nd4 Rd5 23. Nde2 Be7 24. Rab1 Nc4 25. c3 Nd2 26. Bxd2 Rxd2 27. cxb4 Rxa2 28. Ra1 Rxa1 29. Rxa1 O-O 30. b5 Rb8 31. Nd4 Bf8 32. Rb1 g6 33. Nc6 Rb6 34. Ne4 Nf5 35. Nf6+ Kg7 36. Nd7 Rb7 37. Nxf8 Kxf8 38. b6 Ne7 39. Na5 Rb8 40. g4 g5 41. Kg2 Ke8 42. Kf3 Kd7 43. Rb3 Nd5 44. b7 Kc7 45. Ke4 Nf4 46. Rc3+ Kd7 47. Nb3 Nd5 48. Rf3 Ke7 49. Nc5 f6 50. exf6+ Nxf6+ 51. Rxf6 1-0

[Event "Open Dutch Championship"]
[Site "?"]
[Date "2005.08.04"]
[Round "9"]
[White "Nijboer Friso"]
[Black "Novikov Stanislav"]
[Result "1-0"]
[WhiteElo "2529"]
[BlackElo "2534"]
[PlyCount "83"]
[EventDate "2005.??.??"]
[Source "www.chesslib.no"]
[SourceDate "2004.05.04"]

1. e4 c5 2. Nf3 d6 3. d4 cxd4 4. Nxd4 Nf6 5. Nc3 a6 6. Be2 e6 7. O-O Nbd7 8. f4 b5 9. Bf3 Bb7 10. e5 Bxf3 11. Nxf3 b4 12. exf6 bxc3 13. fxg7 Bxg7 14. b3 Qb6+ 15. Kh1 O-O 16. Qe1 Qc6 17. Ba3 Nf6 18. Rd1 Ne4 19. Qh4 f5 20. Ng5 Nxg5 21. Qxg5 Rad8 22. Rf3 h6 23. Qg3 Rf7 24. Re3 d5 25. Bb4 Kh7 26. Qe1 d4 27. Rxe6 Qc7 28. Qg3 Bf6 29. Qd3 Bg7 30. Rxa6 Re8 31. Bd6 Qb7 32. Be5 Bxe5 33. fxe5 Rxe5 34. Qxd4 Re2 35. Rxh6+ Kxh6 36. Qh4+ Kg7 37. Qg5+ Kh7 38. Qh5+ Kg7 39. Qxe2 Qe4 40. Qd3 Qe5 41. Qg3+ Qxg3 42. hxg3 1-0

[Event "Malmo SWE"]
[Site "Malmo SWE"]
[Date "1985.??.??"]
[Round "?"]
[White "Christiansen, Larry M"]
[Black "Mokry, Karel"]
[Result "0-1"]
[WhiteElo "2560"]
[BlackElo "2490"]
[PlyCount "83"]
[EventDate "1985.??.??"]
[Source "www.chesslib.no"]
[SourceDate "2004.05.04"]

1. e4 c5 2. Nf3 d6 3. d4 cxd4 4. Nxd4 Nf6 5. Nc3 e6 6. Be2 a6 7. O-O Nbd7 8. f4 b5 9. Bf3 Bb7 10. a3 Rc8 11. Qe1 Rc4 12. Be3 h5 13. Kh1 e5 14. Nb3 Ng4 15. Bd2 Be7 16. Qe2 Qc7 17. a4 b4 18. Nd5 Bxd5 19. exd5 O-O 20. Na5 Rxc2 21. Nc6 Nc5 22. Bxg4 hxg4 23. Qe3 a5 24. Rad1 e4 25. f5 Bf6 26. Qf4 Re8 27. Be3 Nd3 28. Qxg4 Rxc6 29. dxc6 Qxc6 30. Bh6 Qd7 31. b3 Bc3 32. Be3 f6 33. Rxd3 exd3 34. Qc4+ Qf7 35. Qxd3 Qxb3 36. Bb6 d5 37. Bxa5 Qc4 38. Qxc4 dxc4 39. h3 Re1 40. Rxe1 Bxe1 41. Bb6 b3 42. Kg1 0-1

[Event "Bucharest ROM"]
[Site "Bucharest ROM"]
[Date "1996.??.??"]
[Round "?"]
[White "Nisipeanu, Liviu-Dieter"]
[Black "Badea, Bela"]
[Result "1-0"]
[WhiteElo "2515"]
[BlackElo "2520"]
[PlyCount "69"]
[EventDate "1996.??.??"]
[Source "www.chesslib.no"]
[SourceDate "2004.05.04"]

1. e4 c5 2. Nf3 d6 3. d4 cxd4 4. Nxd4 Nf6 5. Nc3 a6 6. Be2 e6 7. O-O Nbd7 8. f4 b5 9. Bf3 Bb7 10. Qe2 e5 11. Nf5 g6 12. fxe5 Nxe5 13. Nh6 Nfd7 14. Bg4 Qe7 15. Bxd7+ Qxd7 16. Bf4 Bxh6 17. Bxh6 Rg8 18. Rad1 Qe7 19. Bf4 f6 20. Qd2 Nc4 21. Qd4 Rc8 22. a3 Rf8 23. Bxd6 Nxd6 24. Qxd6 Qxd6 25. Rxd6 Ke7 26. Rb6 Rc7 27. Rf4 Rd7 28. Kf2 f5 29. exf5 gxf5 30. Ne2 Be4 31. Ke3 Rfd8 32. g4 Rd6 33. Rxd6 Rxd6 34. Nd4 Rh6 35. Rxe4+ 1-0

[Event "I Torneo de Ajedrez 4 Naciones"]
[Site "Barcelona"]
[Date "2003.12.17"]
[Round "3.1"]
[White "Fernandez Garcia, Jose Luis"]
[Black "Rowson, Jonathan"]
[Result "1/2-1/2"]
[WhiteElo "2475"]
[BlackElo "2536"]
[PlyCount "108"]
[EventDate "2003.12.15"]
[Source "Roberto Alvarez"]
[SourceDate "2003.12.31"]

1. e4 c5 2. Nf3 d6 3. d4 Nf6 4. Nc3 cxd4 5. Nxd4 a6 6. Be2 e6 7. O-O Nbd7 8. f4 b5 9. Bf3 Bb7 10. Qe1 e5 11. Nf5 g6 12. fxe5 Nxe5 13. Nh6 Nfd7 14. Bg4 Rc8 15. Qf2 f6 16. Be6 Rxc3 17. bxc3 Nc5 18. Bb3 Nxe4 19. Qh4 f5 20. Qxd8+ Kxd8 21. a4 bxa4 22. Rxa4 Nxc3 23. Rb4 Kc7 24. Nf7 Nxf7 25. Rc4+ Kd7 26. Rxc3 Bg7 27. Ba4+ Kd8 28. Rb3 Bd4+ 29. Be3 Bxe3+ 30. Rxe3 Ne5 31. Rb1 Kc7 32. Rc3+ Bc6 33. Re1 Kd7 34. Bxc6+ Nxc6 35. Rb1 Rc8 36. Rb6 a5 37. Kf2 Rc7 38. Ra6 h6 39. Ra8 Ke6 40. Rxa5 Nxa5 41. Rxc7 d5 42. Ke3 Nc4+ 43. Kd4 f4 44. Rc6+ Kf5 45. Rc5 Ne3 46. c4 Nc2+ 47. Kc3 Ne3 48. Kd4 Nxg2 49. cxd5 f3 50. Rc8 Nf4 51. Ke3 Nxd5+ 52. Kxf3 Nf6 53. Rc5+ Ke6 54. Ra5 g5 1/2-1/2

[Event "ARM-ch"]
[Site "Yerevan"]
[Date "1999.10.18"]
[Round "3"]
[White "Asrian, Karen"]
[Black "Matikozian, Andranik"]
[Result "1-0"]
[WhiteElo "2575"]
[BlackElo "2427"]
[PlyCount "79"]
[EventDate "1999.10.16"]
[Source "ChessBase"]
[SourceDate "2000.02.01"]

1. e4 c5 2. Nf3 d6 3. d4 cxd4 4. Nxd4 Nf6 5. Nc3 a6 6. Be2 e6 7. O-O Nbd7 8. a4 b6 9. f4 Bb7 10. Bf3 Qc7 11. Qe2 Rc8 12. Be3 Qc4 13. Qe1 h5 14. h3 e5 15. Nb3 Be7 16. Rd1 g6 17. Qf2 Qc7 18. Nc1 exf4 19. Bxf4 Ne5 20. Nd3 Nfd7 21. Be2 O-O 22. Nb4 Qc5 23. Ncd5 Qxf2+ 24. Rxf2 Bh4 25. g3 Bd8 26. Bxa6 Bxa6 27. Nxa6 Ra8 28. Nac7 Rxa4 29. Bh6 Rxe4 30. Bxf8 Kxf8 31. Ne6+ Ke8 32. Nxd8 Kxd8 33. Nc3 Re3 34. Kg2 g5 35. Rd4 g4 36. hxg4 hxg4 37. Nb5 Nc5 38. Nxd6 Kc7 39. Nc4 Nxc4 40. Rxc4 1-0

[Event "ISL Ch"]
[Site "Grundarfjordur"]
[Date "1986.??.??"]
[Round "4"]
[White "Arnason, Jon L"]
[Black "Sigurjonsson, Gudmundur"]
[Result "1/2-1/2"]
[WhiteElo "2500"]
[BlackElo "2495"]
[PlyCount "55"]
[EventDate "1986.??.??"]
[Source "www.chesslib.no"]
[SourceDate "2004.05.04"]

1. e4 c5 2. Nf3 e6 3. d4 cxd4 4. Nxd4 Nf6 5. Nc3 d6 6. Be2 a6 7. O-O Nbd7 8. f4 b5 9. Bf3 Bb7 10. e5 Bxf3 11. Nxf3 Ng4 12. Qe2 b4 13. Na4 Qa5 14. f5 Qxa4 15. fxe6 Ndxe5 16. exf7+ Kd7 17. h3 Nf6 18. Nxe5+ dxe5 19. Qxe5 Qc6 20. Be3 Kc8 21. Rad1 Kb7 22. Rf5 Nd7 23. Qd4 Nb6 24. Re5 Nc4 25. Rd5 Nxe3 26. Rd7+ Kc8 27. Rd8+ Kb7 28. Rd7+ 1/2-1/2

[Event "CHN-CIS"]
[Site "Beijing"]
[Date "1991.??.??"]
[Round "?"]
[White "Wang Zili"]
[Black "Anastasian, Ashot"]
[Result "1-0"]
[WhiteElo "2495"]
[BlackElo "2485"]
[PlyCount "71"]
[EventDate "1991.??.??"]
[Source "ChessBase"]

1. e4 c5 2. Nf3 d6 3. d4 cxd4 4. Nxd4 Nf6 5. Nc3 a6 6. Be2 e6 7. O-O Nbd7 8. a4 b6 9. f4 Bb7 10. Bf3 Qc7 11. Qe2 e5 12. Nb3 Be7 13. g4 Nc5 14. Nxc5 Qxc5+ 15. Be3 Qc7 16. g5 Nd7 17. f5 h6 18. gxh6 gxh6 19. Kh1 Bg5 20. Bg1 Ke7 21. Rad1 Nf6 22. Rd3 Rhd8 23. Nd5+ Bxd5 24. exd5 Qc4 25. b3 Qc7 26. Rd4 Kf8 27. Rc4 Qd7 28. Bxb6 Rdc8 29. Rc6 Qxf5 30. Bg2 Qd7 31. Be3 Qe7 32. Bxg5 hxg5 33. Qf3 Nd7 34. Rxd6 Kg7 35. Rxd7 Qxd7 36. Qf6+ 1-0

[Event "Buenos Aires Open"]
[Site "Buenos Aires ARG"]
[Date "1996.??.??"]
[Round "?"]
[White "German, Gustavo"]
[Black "Zapata, Alonso"]
[Result "0-1"]
[WhiteElo "2440"]
[BlackElo "2505"]
[PlyCount "66"]
[EventDate "1996.??.??"]
[Source "www.chesslib.no"]
[SourceDate "2004.05.04"]

1. e4 c5 2. Nf3 e6 3. d4 cxd4 4. Nxd4 a6 5. Be2 Nf6 6. Nc3 d6 7. O-O Nbd7 8. f4 b5 9. Bf3 Bb7 10. a3 Rc8 11. Qe1 e5 12. Nb3 Be7 13. Kh1 O-O 14. Qg3 Kh8 15. Be3 a5 16. Nxb5 Rxc2 17. Nd2 Rxb2 18. a4 Rb4 19. Rfb1 Rxb1+ 20. Rxb1 Qa8 21. Qh3 Rc8 22. Bd1 Bxe4 23. Ra1 Bd5 24. Be2 Be6 25. f5 Bd5 26. Kg1 Ne4 27. Nxe4 Bxe4 28. g4 Rc2 29. Bf1 Nf6 30. Rc1 Qc6 31. Rb1 Rxh2 32. Na7 Rxh3 33. Nxc6 Rh1+ 0-1

[Event "AUS Ch"]
[Site "Toowoomba"]
[Date "1986.??.??"]
[Round "6"]
[White "Rogers, Ian"]
[Black "Johansen, Darryl K"]
[Result "1/2-1/2"]
[WhiteElo "2515"]
[BlackElo "2425"]
[PlyCount "26"]
[EventDate "1985.??.??"]
[Source "www.chesslib.no"]
[SourceDate "2004.05.04"]

1. e4 c5 2. Nf3 e6 3. d4 cxd4 4. Nxd4 Nf6 5. Nc3 d6 6. Be2 a6 7. O-O Nbd7 8. f4 b5 9. Bf3 Bb7 10. a3 Qc7 11. Kh1 Be7 12. Qe2 O-O 13. Be3 Nc5 1/2-1/2

[Event "Memorial Day Classic"]
[Site "Glendale"]
[Date "2004.05.30"]
[Round "4"]
[White "Khachian, Melikset"]
[Black "Matikozian, Andranik"]
[Result "1-0"]
[WhiteElo "2468"]
[BlackElo "2467"]
[PlyCount "45"]
[EventDate "2004.05.29"]
[Source "Roberto Alvarez"]
[SourceDate "2004.06.07"]

1. e4 c5 2. Nf3 d6 3. d4 cxd4 4. Nxd4 Nf6 5. Nc3 a6 6. Be2 e6 7. O-O Nbd7 8. f4 b5 9. Bf3 Bb7 10. a3 Rc8 11. Qe1 Qc7 12. Kh1 g6 13. e5 Bxf3 14. Nxf3 dxe5 15. fxe5 Ng4 16. Ne4 Ngxe5 17. Nxe5 Qxe5 18. Nf6+ Ke7 19. Qb4+ Qc5 20. Qh4 Qc4 21. Bg5 Qxh4 22. Bxh4 Rc4 23. Rad1 1-0

[Event "Prague zt"]
[Site "Prague"]
[Date "1985.??.??"]
[Round "2"]
[White "Prandstetter, Eduard"]
[Black "Mokry, Karel"]
[Result "1-0"]
[WhiteElo "2430"]
[BlackElo "2490"]
[PlyCount "67"]
[EventDate "1985.02.??"]
[Source "ChessBase"]

1. e4 c5 2. Nf3 d6 3. d4 cxd4 4. Nxd4 Nf6 5. Nc3 a6 6. Be2 e6 7. O-O Nbd7 8. f4 b5 9. Bf3 Bb7 10. a3 Qc7 11. Qe2 Rc8 12. Be3 Nc5 13. Bf2 Na4 14. Nxa4 bxa4 15. e5 dxe5 16. fxe5 Nd7 17. Rad1 g6 18. Bxb7 Qxb7 19. Qg4 Nc5 20. b4 axb3 21. cxb3 Be7 22. b4 Na4 23. Rd3 h5 24. Qh3 Qe4 25. Nxe6 fxe6 26. Qxe6 Qxd3 27. Qxc8+ Qd8 28. Qxa6 Nb2 29. Qxg6+ Kd7 30. Qf5+ Kc7 31. Qc2+ Kb7 32. Qxb2 Qd5 33. Bc5 Bd8 34. Qe2 1-0

[Event "Open Dutch Championship"]
[Site "?"]
[Date "2005.07.29"]
[Round "4"]
[White "Haimovich Tal"]
[Black "Novikov Stanislav"]
[Result "1-0"]
[WhiteElo "2375"]
[BlackElo "2534"]
[PlyCount "199"]
[EventDate "2005.??.??"]
[Source "www.chesslib.no"]
[SourceDate "2004.05.04"]

1. e4 c5 2. Nf3 d6 3. d4 cxd4 4. Nxd4 Nf6 5. Nc3 a6 6. Be2 e6 7. O-O Nbd7 8. Be3 b5 9. a4 b4 10. Nc6 Qc7 11. Nxb4 d5 12. Nba2 dxe4 13. Qd4 Bd6 14. h3 Bb7 15. Rfd1 Ke7 16. Nc1 Rhc8 17. Nb3 e5 18. Qd2 Bb4 19. Bg5 Kf8 20. Bg4 Nxg4 21. Qxd7 Qxd7 22. Rxd7 Bc6 23. Rdd1 Nf6 24. Bd2 Rab8 25. a5 Be7 26. Be3 Bd7 27. Bb6 Be6 28. Ra4 Bd7 29. Raa1 Be6 30. Ra4 Nd7 31. Rxe4 Nxb6 32. axb6 Bf5 33. Re2 Rxb6 34. Ra1 Bd6 35. Nd5 Rbc6 36. Ne3 Be6 37. Na5 Rb6 38. b3 Bc7 39. Nac4 Rc6 40. Rd2 f6 41. Nd5 a5 42. g4 Rc5 43. Nce3 Bd8 44. c4 R5c6 45. Nc3 Bb6 46. Ned5 Bxd5 47. Nxd5 Rb8 48. Nxb6 Rcxb6 49. Rxa5 Rxb3 50. Ra7 R3b7 51. Rxb7 Rxb7 52. Kg2 Ke7 53. Rd3 Rc7 54. Rc3 Kd6 55. Kf3 Kc5 56. Rc1 Ra7 57. Kg2 Kd4 58. Kg3 Rc7 59. Rd1+ Kc5 60. Rc1 Rb7 61. Kg2 Kd4 62. Kg3 Ra7 63. Kg2 Kd3 64. Kg3 Rc7 65. Rd1+ Ke2 66. Rc1 Rc5 67. Kg2 g6 68. Rc3 f5 69. Re3+ Kd2 70. Kf3 h5 71. Kg2 hxg4 72. hxg4 f4 73. Re4 Kd3 74. Kf3 g5 75. Re1 Ra5 76. Rd1+ Kxc4 77. Ke4 Ra2 78. Rc1+ Kb4 79. Kxe5 Rxf2 80. Kf5 Rg2 81. Kxg5 f3 82. Rf1 f2 83. Kf4 Kc5 84. Kf3 Rg1 85. Rxf2 Kd5 86. Kf4 Ke6 87. Kg5 Ke7 88. Kh5 Rg3 89. g5 Rg1 90. Kh6 Rh1+ 91. Kg7 Rg1 92. g6 Rg3 93. Kh7 Rh3+ 94. Kg8 Rg3 95. g7 Rg4 96. Re2+ Kd7 97. Re5 Kd6 98. Re1 Rg2 99. Re4 Kd7 100. Kf7 1-0

[Event "Trencianske Teplice"]
[Site "Trencianske Teplice"]
[Date "1985.??.??"]
[Round "3"]
[White "Prandstetter, Eduard"]
[Black "Mokry, Karel"]
[Result "0-1"]
[WhiteElo "2450"]
[BlackElo "2455"]
[PlyCount "68"]
[EventDate "1985.11.??"]
[Source "ChessBase"]

1. e4 c5 2. Nf3 d6 3. d4 cxd4 4. Nxd4 Nf6 5. Nc3 a6 6. Be2 e6 7. O-O Nbd7 8. a4 b6 9. f4 Bb7 10. Bf3 Qc7 11. Qe2 Rc8 12. Be3 h5 13. h3 e5 14. Nb3 Be7 15. Rad1 O-O 16. f5 Rfe8 17. g4 hxg4 18. hxg4 d5 19. g5 d4 20. gxf6 Nxf6 21. Nxd4 exd4 22. Bxd4 Bc5 23. Rf2 Qf4 24. Bh1 Qg5+ 25. Rg2 Bxd4+ 26. Rxd4 Qc1+ 27. Qd1 Qxb2 28. Nd5 Bxd5 29. exd5 Qc3 30. Qd2 Re1+ 31. Kh2 Qa1 32. Rxg7+ Kxg7 33. Bg2 Rh8+ 34. Kg3 Qc1 0-1

[Event "TCh-AUT 1st Bundesliga 2007-8"]
[Site "Baden AUT"]
[Date "2007.12.02"]
[Round "3"]
[White "Manik, M."]
[Black "Atlas, V."]
[Result "1/2-1/2"]
[WhiteElo "2420"]
[BlackElo "2482"]
[PlyCount "29"]
[EventDate "2007.11.30"]
[Source "www.chesslib.no"]
[SourceDate "2004.05.04"]

1. e4 c5 2. Nf3 e6 3. d4 cxd4 4. Nxd4 Nf6 5. Nc3 d6 6. Be2 a6 7. O-O Nbd7 8. f4 b5 9. Bf3 Bb7 10. e5 Bxf3 11. Nxf3 Ng4 12. Qe1 Qb6+ 13. Kh1 b4 14. Ne4 d5 15. h3 1/2-1/2

[Event "Lone Pine op"]
[Site "Lone Pine"]
[Date "1975.??.??"]
[Round "8"]
[White "Grefe, John A"]
[Black "Ghizdavu, Dumitru"]
[Result "1/2-1/2"]
[WhiteElo "2470"]
[BlackElo "2425"]
[PlyCount "94"]
[EventDate "1975.??.??"]
[Source "ChessBase"]

1. e4 c5 2. Nf3 d6 3. d4 cxd4 4. Nxd4 Nf6 5. Nc3 a6 6. Be2 e6 7. O-O Nbd7 8. f4 b5 9. Bf3 Bb7 10. a3 Qc7 11. Qe1 Be7 12. g4 h6 13. h3 Rd8 14. Nde2 d5 15. exd5 Nxd5 16. Nxd5 Bxd5 17. Bxd5 Qc5+ 18. Qf2 Qxd5 19. Nc3 Qc6 20. Be3 O-O 21. Qg2 Rc8 22. Rad1 Rfd8 23. Qxc6 Rxc6 24. Rd3 Nb6 25. Rfd1 Rdc8 26. Bd4 Bf6 27. Bxf6 gxf6 28. Ne4 Rxc2 29. Nxf6+ Kg7 30. Nh5+ Kf8 31. R3d2 Ke7 32. Kf2 Rxd2+ 33. Rxd2 Rc1 34. f5 e5 35. f6+ Ke6 36. Rd8 Rc8 37. Rd2 Nc4 38. Rc2 Nd6 39. Ng7+ Kxf6 40. Rxc8 Nxc8 41. Ne8+ Ke7 42. Nc7 Nb6 43. Nxa6 Nc4 44. Nc7 Nxb2 45. Nxb5 Kd7 46. Kf3 Nc4 47. Ke4 Nd6+ 1/2-1/2

[Event "Lodz"]
[Site "Lodz"]
[Date "1979.??.??"]
[Round "4"]
[White "Tompa, Janos"]
[Black "Boensch, Uwe"]
[Result "1/2-1/2"]
[WhiteElo "2420"]
[BlackElo "2460"]
[PlyCount "68"]
[EventDate "1979.04.??"]
[Source "ChessBase"]

1. e4 c5 2. Nf3 d6 3. d4 cxd4 4. Nxd4 Nf6 5. Nc3 e6 6. Be2 a6 7. O-O Nbd7 8. f4 Qc7 9. Bf3 Be7 10. Be3 O-O 11. Qe2 Nc5 12. Nb3 Nfd7 13. Nxc5 Nxc5 14. a4 b6 15. Qc4 Ra7 16. b4 Nd7 17. Qd3 Bb7 18. a5 Raa8 19. Na4 b5 20. Nb6 Nxb6 21. Bxb6 Qd7 22. Rad1 Rac8 23. e5 Bxf3 24. Rxf3 Rc6 25. c3 Rfc8 26. Bc5 d5 27. Bd4 Rf8 28. f5 exf5 29. Rxf5 Rg6 30. Qf3 Qe6 31. Rf1 h6 32. Be3 Kh7 33. Bd4 Kg8 34. Be3 Kh7 1/2-1/2

[Event "It \\"]
[Site "?"]
[Date "2005.06.11"]
[Round "3"]
[White "Stein Alex"]
[Black "Matikozian Andranik"]
[Result "1-0"]
[WhiteElo "2362"]
[BlackElo "2515"]
[PlyCount "35"]
[EventDate "2005.??.??"]
[Source "www.chesslib.no"]
[SourceDate "2004.05.04"]

1. e4 c5 2. Nf3 d6 3. d4 cxd4 4. Nxd4 Nf6 5. Nc3 a6 6. Be2 e6 7. O-O Nbd7 8. f4 b5 9. Bf3 Bb7 10. e5 Bxf3 11. Nxf3 dxe5 12. fxe5 Ng4 13. Qe2 b4 14. Na4 h5 15. Ng5 Nh6 16. Nxe6 Qc8 17. Nxf8 Nxf8 18. Nb6 1-0

[Event "XIX Czech Chladek & Tintera A Open"]
[Site "Pardubice CEC"]
[Date "2008.07.20"]
[Round "3"]
[White "Alexikov, A."]
[Black "Ibrayev, N."]
[Result "1-0"]
[WhiteElo "2357"]
[BlackElo "2518"]
[PlyCount "167"]
[EventDate "2008.07.18"]
[Source "www.chesslib.no"]
[SourceDate "2004.05.04"]

1. e4 c5 2. Nf3 d6 3. d4 cxd4 4. Nxd4 Nf6 5. Nc3 a6 6. Be2 e6 7. O-O Nbd7 8. f4 Qc7 9. a4 b6 10. Bf3 Bb7 11. Kh1 Be7 12. Bd2 O-O 13. Be1 Rfe8 14. Bg3 e5 15. Nf5 Bf8 16. Qd2 g6 17. Ne3 Rac8 18. fxe5 Nxe5 19. Be2 Bg7 20. Rad1 Qc5 21. Bxe5 dxe5 22. Ned5 Nxd5 23. Nxd5 a5 24. b3 Rf8 25. Bc4 Kh8 26. Qf2 f5 27. Qh4 Rce8 28. Rf3 fxe4 29. Rh3 h6 30. Qxe4 Rf5 31. Qe3 Qxe3 32. Rxe3 Rd8 33. Ree1 e4 34. Ne3 Rff8 35. Rxd8 Rxd8 36. Kg1 Be5 37. h3 Kg7 38. Kf2 Rd2+ 39. Re2 Rd4 40. Re1 Bf4 41. Ke2 h5 42. Rf1 Bxe3 43. Rf7+ Kg8 44. Rxb7+ Rxc4 45. bxc4 Bc5 46. Rc7 Kf8 47. Rd7 Kg8 48. Ra7 Kf8 49. Rb7 Kg8 50. Kd2 Kf8 51. Kc3 Kg8 52. Kd2 Kf8 53. Rh7 Kg8 54. Rd7 Kf8 55. Ke1 Kg8 56. Kf1 Kf8 57. g4 hxg4 58. hxg4 Kg8 59. Kg2 Kf8 60. Kg3 Kg8 61. Kf4 e3 62. Kf3 Kf8 63. Rc7 Bd4 64. Ra7 Bc5 65. Rb7 Bd4 66. Rc7 Bc5 67. Ke2 Kg8 68. Kd3 Kf8 69. Rh7 Kg8 70. Rh3 Kf7 71. Rf3+ Kg7 72. g5 Kg8 73. Rf1 Kg7 74. Rf4 Kg8 75. c3 Kg7 76. Rd4 Be7 77. Rd5 Bc5 78. Re5 Kf7 79. Ke2 Kf8 80. Re6 Kf7 81. Rf6+ Kg7 82. Kf3 Kh7 83. Re6 Kg7 84. Rxe3 1-0

[Event "Kurgan"]
[Site "Kurgan"]
[Date "1994.??.??"]
[Round "4"]
[White "Tseshkovsky, Vitaly"]
[Black "Predein, V."]
[Result "1-0"]
[WhiteElo "2515"]
[BlackElo "2360"]
[PlyCount "59"]
[EventDate "1994.??.??"]
[Source "ChessBase"]

1. e4 c5 2. Nf3 d6 3. d4 cxd4 4. Nxd4 Nf6 5. Nc3 a6 6. Be2 e6 7. O-O Nbd7 8. a4 b6 9. f4 Bb7 10. Bf3 Qc7 11. Re1 e5 12. Nd5 Nxd5 13. exd5 g6 14. Ra3 Bg7 15. Rc3 Nc5 16. fxe5 dxe5 17. b4 O-O 18. d6 Qxd6 19. bxc5 Qxd4+ 20. Qxd4 exd4 21. c6 dxc3 22. cxb7 Rad8 23. Bf4 b5 24. axb5 axb5 25. Kf1 b4 26. Rb1 Bd4 27. Rxb4 Ba7 28. Ra4 Bb8 29. Bxb8 Rxb8 30. Rc4 1-0

[Event "Budapest FS04 GM"]
[Site "Budapest"]
[Date "1997.??.??"]
[Round "3"]
[White "Acs, Peter"]
[Black "Stocek, Jiri"]
[Result "1-0"]
[WhiteElo "2420"]
[BlackElo "2450"]
[PlyCount "51"]
[EventDate "1997.04.??"]
[Source "ChessBase"]

1. e4 c5 2. Nf3 d6 3. d4 cxd4 4. Nxd4 Nf6 5. Nc3 e6 6. Be2 a6 7. O-O Nbd7 8. f4 b5 9. Bf3 Bb7 10. a3 Rc8 11. Re1 Be7 12. g4 Rxc3 13. bxc3 Nc5 14. a4 Nfxe4 15. Bxe4 Bxe4 16. axb5 axb5 17. Rxe4 Nxe4 18. Qd3 d5 19. Qxb5+ Qd7 20. Ra8+ Bd8 21. Rxd8+ Kxd8 22. Qb8+ Qc8 23. Nc6+ Kd7 24. Ne5+ Ke7 25. Qa7+ Ke8 26. Ba3 1-0

[Event "Ch Slovakia"]
[Site "Banska Stiavnica (Slovakia)"]
[Date "2007.07.11"]
[Round "5"]
[White "Rigo Zsolt (SVK)"]
[Black "Manik Mikulas (SVK)"]
[Result "1/2-1/2"]
[WhiteElo "2410"]
[BlackElo "2457"]
[PlyCount "83"]
[EventDate "2007.??.??"]
[Source "www.chesslib.no"]
[SourceDate "2004.05.04"]

1. e4 c5 2. Nf3 d6 3. d4 cxd4 4. Nxd4 Nf6 5. Nc3 a6 6. Be2 e6 7. O-O Nbd7 8. f4 b5 9. Bf3 Bb7 10. e5 Bxf3 11. Nxf3 b4 12. exf6 bxc3 13. fxg7 Qb6+ 14. Kh1 Bxg7 15. b3 O-O 16. Qe1 Qa5 17. Be3 Qf5 18. Bd4 Rac8 19. Bxg7 Kxg7 20. Nd4 Qf6 21. Rd1 d5 22. Rf3 Rc5 23. Qg3+ Kh8 24. Rxc3 Rg8 25. Qf3 Rxc3 26. Qxc3 Qg7 27. g3 Nf6 28. Nf3 Ne4 29. Qxg7+ Kxg7 30. Rd4 Rc8 31. c4 Nc3 32. cxd5 Nxd5 33. Rd2 Ne3 34. Kg1 Rc3 35. Ne5 f6 36. Nd3 Kg6 37. h3 Kf5 38. Kf2 Nc2 39. Ke2 e5 40. fxe5 fxe5 41. g4+ Ke4 42. Nf2+ 1/2-1/2

[Event "Plzen KB opJ-A"]
[Site "Plzen"]
[Date "1997.??.??"]
[Round "9"]
[White "Jirovsky, Petr"]
[Black "Stocek, Jiri"]
[Result "1/2-1/2"]
[WhiteElo "2395"]
[BlackElo "2470"]
[PlyCount "93"]
[EventDate "1997.??.??"]
[Source "www.chesslib.no"]
[SourceDate "2004.05.04"]

1. e4 c5 2. Nf3 d6 3. d4 cxd4 4. Nxd4 Nf6 5. Nc3 e6 6. Be2 a6 7. O-O Nbd7 8. f4 b5 9. a3 Bb7 10. Bd3 Rc8 11. Kh1 g6 12. Qe1 Bg7 13. Nb3 O-O 14. Be3 Rc7 15. Bg1 Qa8 16. Na5 Rxc3 17. Qxc3 Nxe4 18. Qc7 Bd5 19. c4 bxc4 20. Bxc4 Ndf6 21. Bxd5 Qxd5 22. Rf3 Qd2 23. Rc1 Qxb2 24. Qc2 Qb5 25. Nc6 Kh8 26. Nd4 Qh5 27. Qd3 d5 28. Ne2 a5 29. Ng3 Qh4 30. Rcf1 Kg8 31. Qc2 Rb8 32. Nxe4 Nxe4 33. Rb3 Bf8 34. Rfb1 Rxb3 35. Rxb3 Qxf4 36. Rf3 Qh4 37. Qc7 Be7 38. Qxa5 Bd6 39. Rh3 Qf4 40. Rf3 Qh4 41. Rh3 Nf2+ 42. Bxf2 Qxf2 43. Rf3 Qb2 44. g3 Qb1+ 45. Kg2 Qc2+ 46. Rf2 Qe4+ 47. Kh3 1/2-1/2

[Event "Asousados"]
[Site "Asousados"]
[Date "1986.??.??"]
[Round "?"]
[White "Garces"]
[Black "Alzate, Dario"]
[Result "0-1"]
[WhiteElo "2500"]
[BlackElo "2365"]
[PlyCount "94"]
[EventDate "1986.??.??"]
[Source "www.chesslib.no"]
[SourceDate "2004.05.04"]

1. e4 c5 2. Nf3 d6 3. d4 cxd4 4. Nxd4 Nf6 5. Nc3 a6 6. Be2 e6 7. O-O Nbd7 8. Kh1 b5 9. Bd3 Bb7 10. Re1 Nc5 11. a3 Be7 12. h3 O-O 13. Nf3 Qc7 14. Bf4 Rad8 15. Qe2 Qc6 16. Rad1 h6 17. Qf1 Nxd3 18. cxd3 e5 19. Bd2 Rfe8 20. Rc1 Qd7 21. Rc2 Bf8 22. Ne2 d5 23. Ng3 Bd6 24. Bc3 Rc8 25. Rcc1 Bb8 26. Nd2 dxe4 27. dxe4 Rxc3 28. Rxc3 Qxd2 29. Re2 Qf4 30. Qe1 h5 31. Rf3 Qg5 32. Rf5 Qg6 33. Qc1 Nxe4 34. Rxe4 Bxe4 35. Rg5 Qc6 36. Qe3 Bxg2+ 37. Kh2 Qf3 38. Nxh5 e4+ 39. Kg1 Re5 40. Rxg7+ Kf8 41. Qd4 Rd5 42. Rg8+ Ke7 43. Qf6+ Qxf6 44. Nxf6 Kxf6 45. Rxb8 Bf3 46. Rb6+ Kg7 47. Rxa6 f5 0-1